Ronald Reagan Washington Airport Destinations (Washington, D.C., USA) - Statistics

General Stats
  • This quiz has been taken 171 times
    78 since last reset
  • The average score is 80 of 106
Answer Stats
Airline Destination % Correct
American Airlines Dallas/Fort Worth
96%
Southwest Airlines Dallas (Love)
96%
American Eagle/Delta Air Lines Minneapolis/St. Paul
96%
American Airlines/American Eagle/Delta Air Lines/Southwest Airlines Atlanta
94%
Southwest Airlines Chicago (Midway)
94%
American Airlines/United Airlines/United Express Chicago (O'Hare)
94%
American Eagle Jackson (MS)
94%
American Airlines/Delta Air Lines Miami
94%
Southwest Airlines Austin
92%
American Airlines/American Eagle Charlotte
92%
American Eagle/Southwest Airlines Columbus (Glenn)
92%
Frontier Airlines/United Airlines Denver
92%
American Airlines/Delta Air Lines/JetBlue/Southwest Airlines Orlando
92%
Alaska Airlines/Delta Air Lines Seattle/Tacoma
92%
Air Canada Express/American Eagle Toronto (Pearson)
92%
American Airlines/American Eagle/Delta Connection/JetBlue Boston
90%
American Eagle/Delta Air Lines Detroit
90%
Southwest Airlines Houston (Hobby)
90%
American Eagle/United Airlines Houston (Intercontinental)
90%
American Airlines/American Eagle Indianapolis
90%
American Airlines/American Eagle/Southwest Airlines New Orleans
90%
American Eagle Philadelphia
90%
American Eagle Portland (ME)
90%
Alaska Airlines Portland (OR)
90%
American Airlines San Antonio
90%
Alaska Airlines/United Airlines San Francisco
90%
American Eagle/Delta Connection Cincinnati
88%
American Airlines/American Eagle Jacksonville (FL)
88%
American Airlines/Southwest Airlines Las Vegas
88%
American Eagle/Southwest Airlines Memphis
88%
Air Canada Express Montréal (Trudeau)
88%
American Airlines/American Eagle/Delta Connection/Southwest Airlines Nashville
88%
American Eagle/Delta Connection/JetBlue New York (JFK)
88%
American Airlines/American Eagle/Delta Connection New York (LaGuardia)
88%
American Airlines Phoenix (Sky Harbor)
88%
American Airlines/American Eagle/Southwest Airlines St. Louis
88%
American Eagle/Southwest Airlines Albany
86%
American Eagle Birmingham (AL)
86%
American Eagle Buffalo
86%
American Airlines/American Eagle Charleston (SC)
86%
American Eagle Charleston (WV)
86%
American Airlines/JetBlue/Southwest Airlines Fort Lauderdale
86%
American Airlines/American Eagle/Southwest Airlines Kansas City
86%
Alaska Airlines/American Airlines/Delta Air Lines Los Angeles
86%
American Airlines/American Eagle Pittsburgh
86%
Alaska Airlines San Diego
86%
American Airlines/Southwest Airlines Tampa
86%
American Eagle Cleveland
84%
American Eagle/Southwest Airlines Milwaukee
84%
American Eagle/Southwest Airlines Oklahoma City
84%
American Airlines/American Eagle/Delta Connection Raleigh/Durham
84%
American Eagle Key West
82%
American Eagle Louisville
82%
United Express Newark
82%
Delta Air Lines Salt Lake City
82%
American Airlines/American Eagle Hartford
80%
American Eagle Savannah
80%
American Eagle Columbia (SC)
78%
American Airlines/American Eagle/Southwest Airlines Providence
78%
American Eagle Des Moines
76%
American Eagle Rochester (NY)
76%
American Eagle Tulsa
76%
American Eagle Asheville
73%
American Airlines/JetBlue/Southwest Airlines Fort Myers
73%
American Eagle Little Rock
73%
American Eagle Norfolk
73%
American Eagle Dayton
71%
American Eagle Greensboro
71%
Air Canada Express Ottawa
71%
American Airlines/American Eagle Syracuse
71%
American Airlines/American Eagle Burlington (VT)
69%
American Eagle Grand Rapids
69%
American Eagle Knoxville
69%
Delta Connection/Southwest Airlines Omaha
69%
American Airlines/Southwest Airlines Sarasota
69%
American Eagle Augusta (GA)
67%
American Eagle/Delta Connection Madison
67%
American Eagle Myrtle Beach
67%
American Eagle Wichita
67%
JetBlue San Juan
65%
American Airlines/JetBlue West Palm Beach
65%
American Eagle Akron/Canton
63%
Delta Connection Lexington
63%
American Eagle Montgomery
63%
American Eagle Huntsville
61%
American Eagle Wilmington (NC)
61%
American Eagle Chattanooga
59%
American Eagle Fayetteville/Bentonville
59%
American Eagle Manchester (NH)
59%
American Airlines/American Eagle/JetBlue Nassau
59%
American Eagle Baton Rouge
57%
American Airlines Destin/Fort Walton Beach
57%
American Eagle Pensacola
57%
American Eagle Greenville/Spartanburg
55%
American Eagle Tallahassee
55%
American Eagle/JetBlue Nantucket
53%
American Eagle Panama City (FL)
53%
American Airlines/American Eagle Halifax
49%
American Eagle/JetBlue Martha's Vineyard
49%
American Airlines/American Eagle Bangor
47%
American Eagle Lansing
47%
American Eagle White Plains
41%
American Eagle Cedar Rapids/Iowa City
37%
American Eagle Hilton Head
37%
American Eagle Traverse City
35%
American Eagle Hyannis
31%
No matching quizzes found
Score Distribution
Percent of People with Each Score
Percentile by Number Answered
Your Score History
You have not taken this quiz since the last reset